Property law update (Record no. 76074)
[ view plain ]
| 000 -LEADER | |
|---|---|
| fixed length control field | 01438cab a2200229 4500 |
| 001 - CONTROL NUMBER | |
| control field | ##L131422 |
| 008 - FIXED-LENGTH DATA ELEMENTS--GENERAL INFORMATION | |
| fixed length control field | 051102n2005 000 0 eng u |
| 035 ## - SYSTEM CONTROL NUMBER | |
| System control number | (Sirsi) u131422 |
| 041 0# - LANGUAGE CODE | |
| Language code of text/sound track or separate title | eng |
| 100 1# - MAIN ENTRY--PERSONAL NAME | |
| Personal name | Taskis, Catherine |
| 245 00 - TITLE STATEMENT | |
| Title | Property law update |
| 260 ## - PUBLICATION, DISTRIBUTION, ETC. | |
| Date of publication, distribution, etc. | 2005 |
| 490 #0 - SERIES STATEMENT | |
| Series statement | New Law Journal!v155(7197) 21 October 2005, 1598-1599(2) |
| 520 ## - SUMMARY, ETC. | |
| Summary, etc. | Discusses recent case law on the impact of restrictive covenants on freehold land. Sims v Mahon (L131139) and Rickman v Brudenell-Bruce (see Rickman v Earl of Cardigan, L130406) both concerned the proper construction of covenants prohibiting and/or restricting building on land. In both cases, it was held that a covenantee must act reasonably in withholding approval to any application for permission to build in breach of the covenant, ie he must not act arbitrarily, capriciously or from improper motives. Harris v Williams-Wynne ([2005] EWHC 151) considered whether the defendant was entitled to damages where it was alleged he had expressly or impliedly consented to a breach of covenant not to build on land. The judge held that the defendant had not lost the right to claim damages by reason of his delay in objecting to the breach. |
| 590 ## - LOCAL NOTE (RLIN) | |
| Local note | IKA081105 |
| 650 24 - SUBJECT ADDED ENTRY--TOPICAL TERM | |
| Topical term or geographic name entry element | SIMS V MAHON AND ORS |
| 650 24 - SUBJECT ADDED ENTRY--TOPICAL TERM | |
| Topical term or geographic name entry element | RICKMAN V BRUDENELL-BRUCE |
| 650 24 - SUBJECT ADDED ENTRY--TOPICAL TERM | |
| Topical term or geographic name entry element | HARRIS V WILLIAMS-WYNNE |
| 690 ## - LOCAL SUBJECT ADDED ENTRY--TOPICAL TERM (OCLC, RLIN) | |
| Topical term or geographic name as entry element | PROPERTY-PROPERTY DEVELOPMENT |
| 700 1# - ADDED ENTRY--PERSONAL NAME | |
| Personal name | Cope, Siri |
| 942 ## - ADDED ENTRY ELEMENTS (KOHA) | |
| Suppress in OPAC | 0 |
| Withdrawn status | Lost status | Source of classification or shelving scheme | Damaged status | Not for loan | Home library | Current library | Shelving location | Date acquired | Total Checkouts | Full call number | Barcode | Date last seen | Copy number | Price effective from | Koha item type |
|---|---|---|---|---|---|---|---|---|---|---|---|---|---|---|---|
| Dewey Decimal Classification | London | London | Journal article | 02/11/2005 | L131422 | 131422-1001 | 06/08/2019 | 1 | 06/08/2019 | Journal article |